000
00320nam a2200133Ia 4500
008
150201s2010 xx 000 0 und d
082
_a
618.92
_b
M10H
100
_a
HOSSIAN,S
245
_a
MATERNAL AND CHILD HEALTH CARE
250
_a
1ST
260
_b
AITBS
_a
DELHI
_c
2010
650
_a
COMMUNITY MEDICINE
942
_2
ddc
_c
BK
999
_c
746
_d
746